000 00850nas a2200265 4500
001 BR9208651
003 BR-BrBNA
005 20231205093134.0
007 ta
008 230509b bl.|||p| |||| 00| 00por d
040 _aBR-BrBNA
_bpor
_cBiblioteca Nacional de Agricultura
041 _a(Pt)
072 _aP36
100 1 _aRocha, H.O. da
100 1 _aScopel, I.
100 1 _aSantos, M.E.L.
100 1 _aValerio Filho, M.
245 1 _aLevantamento de focos de erosao em sulcos na regiao de Foz do Iguacu, Parana, atraves de fotografias aereas e imagens orbitais
650 _aEROSAO DO SOLO
650 _aFOTOINTERPRETACAO
650 _aPARANÁ
773 0 _tRevista do Setor de Ciencias Agrarias (Brazil)
_xISSN 0100-607X
_g(1986), v. 8(1-2) p. 51-57
_wBR9208651
909 _a202311
_bLúcia
_c55
_dLúcia Elande
942 _2AGRIS
_n0
_cANA
999 _c136445
_d136445